Paracelete (Record no. 3994)

MARC details
000 -LEADER
fixed length control field 00634nam a2200253 a 4500
020 ## - INTERNATIONAL STANDARD BOOK NUMBER
ISBN
082 00 - DEWEY DECIMAL CLASSIFICATION NUMBER
Classification number 297.86
Author Cutter AHM47
100 ## - MAIN ENTRY--AUTHOR NAME
Author name Ahmed, Khawja Nazir
245 ## - TITLE STATEMENT
Title Paracelete
Sub title Comforter Foretold By Jesus.
260 ## - PUBLICATION, DISTRIBUTION, ETC. (IMPRINT)
Place of publication U S a
Name of publisher Mansfield, Ohio
Year of publication 1956
300 ## - PHYSICAL DESCRIPTION
Number of Pages 60p
500 ## - GENERAL NOTE
General note includes index and biblioraphy
505 2# - FORMATTED CONTENTS NOTE
Formatted contents note Index
650 ## - SUBJECT ADDED ENTRY--TOPICAL TERM
Topical Term Ahmadiyyah-Doctrine
650 ## - SUBJECT ADDED ENTRY--TOPICAL TERM
Topical Term Paracelete-Ahmadiyya
942 ## - ADDED ENTRY ELEMENTS (KOHA)
Koha item type Books
700 1# -
-- Ahmed, Khawja Nazir
Holdings
Collection code Home library Current library Date acquired Cost, normal purchase price Full call number Accession Number Koha item type
  Henry Martyn Institute Library Henry Martyn Institute Library 07/02/2007 100.00 297.86 AHM47 05884 Books
                   Copyright © 2026 | Henry Martyn Institute | Hyderabad | TS-500052 | INDIA | Implemented by hmi.edu.in
Hit-Count:

Powered by Koha